| 000 | 00555nam a2200205Ia 4500 | ||
|---|---|---|---|
| 005 | 20250923145249.0 | ||
| 008 | 008 250917s9999 xx 000 0 eng d | ||
| 037 | _aPeriodicals | ||
| 040 |
_aDSWL _beng _cDSWL |
||
| 041 |
_aeng _2eng |
||
| 084 | _qDSWL | ||
| 245 | 0 |
_aJournal of Social Issues _cby Delhi School of Social Work |
|
| 260 |
_aMidhigan _bThe Society for the Psychological study of social issues _c1972 |
||
| 300 | _a891p. | ||
| 365 |
_aUSD _b12.5 |
||
| 490 | _vVol.28 | ||
| 925 | _g12.5 | ||
| 942 | _cCR | ||
| 999 |
_c1449171 _d1449171 |
||